Implications of European Union Accession of Georgia for Co-Operation in Terms of Regional Integration diplomová práca

Saved in:
Bibliographic Details
Main Author: Kovarčík, Ján
Corporate Author: Obchodná fakulta EU. Katedra medzinárodného obchodu
Other Authors: Čiderová, Denisa, 1977-
Format: Book
Language:English
Published: Bratislava 2025
Tags: Add Tag
No Tags, Be the first to tag this record!

MARC

LEADER 00000nbm a2200000 4500
001 0310267
005 20260311081314.5
041 0 |a eng 
044 |a SK 
245 1 0 |a Implications of European Union Accession of Georgia for Co-Operation in Terms of Regional Integration  |b diplomová práca  |c Ján Kovarčík ; školiteľ: Denisa Čiderová 
264 1 |a Bratislava  |c 2025 
300 |a 96 s. 
100 1 |a Kovarčík, Ján 
700 1 |a Čiderová, Denisa, 1977- 
710 2 |a Obchodná fakulta EU. Katedra medzinárodného obchodu